Avances de la politica sectorial en la region de occidente (Registro nro. 41287)

Detalles MARC
000 -CABECERA
campo de control de longitud fija 00842nam a2200301Ia 4500
001 - NÚMERO DE CONTROL
campo de control 41287
003 - IDENTIFICADOR DEL NÚMERO DE CONTROL
campo de control 110066
005 - FECHA Y HORA DE LA ÚLTIMA TRANSACCIÓN
campo de control 20250928011803.0
008 - DATOS DE LONGITUD FIJA--INFORMACIÓN GENERAL
campo de control de longitud fija ||||||n9999 ||| || ||
041 ## - CÓDIGO DE LENGUA
Código de lengua del texto/banda sonora o título independiente spa
110 ## - ENTRADA PRINCIPAL--NOMBRE DE ENTIDAD CORPORATIVA
Nombre de entidad corporativa o nombre de jurisdicción como elemento de entrada Ministerio de Agricultura y Desarrollo Rural
9 (RLIN) 3080
245 #0 - MENCIÓN DE TÍTULO
Título Avances de la politica sectorial en la region de occidente
260 ## - PUBLICACIÓN, DISTRIBUCIÓN, ETC.
Lugar de publicación, distribución, etc. Bogotá :
Nombre del editor, distribuidor, etc. El Ministerio,
Fecha de publicación, distribución, etc. 1997.
300 ## - DESCRIPCIÓN FÍSICA
Extensión 115p
490 ## - MENCIÓN DE SERIE
Mención de serie Desarrollo regional
562 ## - NOTA DE IDENTIFICACIÓN DE LA COPIA Y VERSIÓN
Número de copias 1
650 ## - PUNTO DE ACCESO ADICIONAL DE MATERIA--TÉRMINO DE MATERIA
Término de materia o nombre geográfico como elemento de entrada ACUERDO
9 (RLIN) 11381
650 ## - PUNTO DE ACCESO ADICIONAL DE MATERIA--TÉRMINO DE MATERIA
Término de materia o nombre geográfico como elemento de entrada COLOMBIA
9 (RLIN) 59202
650 ## - PUNTO DE ACCESO ADICIONAL DE MATERIA--TÉRMINO DE MATERIA
Término de materia o nombre geográfico como elemento de entrada COMERCIALIZACIÓN
9 (RLIN) 6469
650 #0 - PUNTO DE ACCESO ADICIONAL DE MATERIA--TÉRMINO DE MATERIA
Término de materia o nombre geográfico como elemento de entrada Competitividad
9 (RLIN) 8823
650 #0 - PUNTO DE ACCESO ADICIONAL DE MATERIA--TÉRMINO DE MATERIA
Término de materia o nombre geográfico como elemento de entrada Desarrollo rural
9 (RLIN) 7414
650 ## - PUNTO DE ACCESO ADICIONAL DE MATERIA--TÉRMINO DE MATERIA
Término de materia o nombre geográfico como elemento de entrada FINANCIAMIENTO
9 (RLIN) 8373
650 ## - PUNTO DE ACCESO ADICIONAL DE MATERIA--TÉRMINO DE MATERIA
Término de materia o nombre geográfico como elemento de entrada GRUPOS INDIGENAS
9 (RLIN) 11628
650 ## - PUNTO DE ACCESO ADICIONAL DE MATERIA--TÉRMINO DE MATERIA
Término de materia o nombre geográfico como elemento de entrada INFRAESTRUCTURA
9 (RLIN) 59204
650 #0 - PUNTO DE ACCESO ADICIONAL DE MATERIA--TÉRMINO DE MATERIA
Término de materia o nombre geográfico como elemento de entrada Política agropecuaria
9 (RLIN) 9197
942 ## - ELEMENTOS DE PUNTO DE ACCESO ADICIONAL (KOHA)
Tipo de ítem Koha Libro
942 ## - ELEMENTOS DE PUNTO DE ACCESO ADICIONAL (KOHA)
Tipo de ítem Koha Documento Gobierno
Existencias
Estado de retiro Estado de pérdida Estado dañado No para préstamo Código de colección Localización permanente Ubicación/localización actual Fecha de adquisición Coste, precio normal de compra Signatura topográfica completa Código de barras Número de copia Tipo de ítem Koha
        Documentos de Gobierno Bogotá - Sede Central Bogotá - Sede Central 01/02/2024 35000.00 D.G.1387 70878 1 Libro